000 00311nam a22001217a 4500
041 _aENG
100 _aSwaify.S.A
245 _aMuitiple Objective Decision Making For Land ,Water ,And Environmental Management
260 _aLondan
_bLewis Pub
_c1998
300 _a743
650 _aSWCE
856 _uSWCE ( 43 )
999 _c1940
_d1940